|
|
|
|
| LEADER |
00000nam0a2200000 4500 |
| 001 |
363897 |
| 005 |
20231102011632.0 |
| 035 |
|
|
|a (RuTPU)RU\TPU\retro\21246
|
| 035 |
|
|
|a RU\TPU\retro\21228
|
| 090 |
|
|
|a 363897
|
| 100 |
|
|
|a 20211014d1972 k y0rusy50 ca
|
| 101 |
0 |
|
|a rus
|
| 102 |
|
|
|a RU
|
| 105 |
|
|
|a a z 001zy
|
| 200 |
1 |
|
|a Материалы по геологии и металлогении Кольского полуострова
|h Вып. 3
|f Академия наук СССР, Кольский филиал, Геологический институт ; отв. ред. Ю. Н. Яковлев
|
| 210 |
|
|
|a Апатиты
|c Изд-во Кольского филиала АН СССР
|d 1972
|
| 215 |
|
|
|a 247 с.
|c ил.
|
| 320 |
|
|
|9 572
|a Библиогр. в конце ст.
|
| 606 |
1 |
|
|a Геология
|y Мурманская область
|2 stltpush
|3 (RuTPU)RU\TPU\subj\72079
|9 85667
|
| 610 |
1 |
|
|a Кольский полуостров
|
| 610 |
1 |
|
|a металлогения
|
| 610 |
1 |
|
|a региональная геология
|
| 610 |
1 |
|
|a геофизика
|
| 610 |
1 |
|
|a стратиграфия
|
| 610 |
1 |
|
|a литология
|
| 610 |
1 |
|
|a минералогия
|
| 610 |
1 |
|
|a медно-никелевые руды
|
| 610 |
1 |
|
|a метаморфизм
|
| 610 |
1 |
|
|a петрология
|
| 610 |
1 |
|
|a геохимия
|
| 675 |
|
|
|a 55(470.21)
|v 3
|
| 702 |
|
1 |
|a Яковлев
|b Ю. Н.
|4 340
|
| 712 |
0 |
2 |
|a Академия наук СССР
|b Кольский филиал
|b Геологический институт
|c (1949-1990)
|2 stltpush
|3 (RuTPU)RU\TPU\col\11519
|
| 801 |
|
1 |
|a RU
|b 63413507
|c 20080710
|g PSBO
|
| 801 |
|
2 |
|a RU
|b 63413507
|c 20211014
|g RCR
|
| 942 |
|
|
|c BK
|